Journalism : theory and practice

Bibliographic Details
Main Author: Syed, M.H
Format: Book
Published: New Delhi : Anmol Publications , 2006
Subjects:

MARC

LEADER 00000cam a2200000 7i4500
001 0000054441
005 20151107.0
008 151107
020 |a 8126125276 
020 |a 9788126125272 
090 0 0 |a 302.2301   |b SYE 
100 1 |a Syed, M.H. 
245 1 0 |a Journalism :   |b theory and practice   |c M.H. Syed 
260 |a New Delhi :   |b Anmol Publications ,   |c 2006 
300 |a 446pg. :   |b ill. 
500 |a Includes Bibliography(429-438pg) 
500 |a Includes Index(441-446pg.) 
650 0 |a Journalism 
999 |a 0001392983   |b Book   |c Adult Collection   |e Cawangan Tmn. Ungku Tun Aminah